Statistics for Factors of 108

Click here to take the quiz!

General Stats

  • This quiz has been taken 26 times
  • The average score is 11 of 12

Answer Stats

HintFactor% Correct
Factor1
100%
Factor2
100%
Factor3
100%
Factor4
100%
Factor6
100%
Factor12
96%
Factor54
96%
Factor9
96%
Factor36
88%
Factor108
84%
Factor18
84%
Factor27
84%

Score Distribution

Percentile by Number Answered

Percent of People with Each Score

Your Score History

You have not taken this quiz